The impact of technology on surveying: past, present and future (Record no. 117259)

MARC details
000 -LEADER
fixed length control field 01366cam a2200265 4500
001 - CONTROL NUMBER
control field ABS67751
008 - FIXED-LENGTH DATA ELEMENTS--GENERAL INFORMATION
fixed length control field 040428n2004 000 0 eng u
035 ## - SYSTEM CONTROL NUMBER
System control number (Sirsi) u126037
100 ## - MAIN ENTRY--PERSONAL NAME
Personal name Wallace, D.
245 #4 - TITLE STATEMENT
Title The impact of technology on surveying: past, present and future
260 ## - PUBLICATION, DISTRIBUTION, ETC.
Date of publication, distribution, etc. 2004
490 ## - SERIES STATEMENT
Series statement Civil Engineering Surveyor
Volume/sequential designation April 2004, 23-39(4)
520 ## - SUMMARY, ETC.
Summary, etc. Examines how technological innovations have benefited surveying in fundamental ways: increased productivity; improvedquality control and accuracy of data; improved usability of surveying systems; and improved safety. Provides an overview of recent advancements in surveying technology on optical total stations, satellite navigation systems, electronic data collection and design and computer aided drafting office software. Illustrates how components past and present are combining into complete surveying systems. Outlines predictions for the future of surveying and how technology is changing the role of the surveyor. [Taken from journal abstarct.]
590 ## - LOCAL NOTE (RLIN)
Local note ABS
590 ## - LOCAL NOTE (RLIN)
Local note ABS
650 ## - SUBJECT ADDED ENTRY--TOPICAL TERM
Topical term or geographic name entry element SURVEYING
650 ## - SUBJECT ADDED ENTRY--TOPICAL TERM
Topical term or geographic name entry element SURVEYING TECHNOLOGY
650 ## - SUBJECT ADDED ENTRY--TOPICAL TERM
Topical term or geographic name entry element ELECTRONIC DATA PROCESSING
650 ## - SUBJECT ADDED ENTRY--TOPICAL TERM
Topical term or geographic name entry element SURVEYING EQUIPMENT
650 ## - SUBJECT ADDED ENTRY--TOPICAL TERM
Topical term or geographic name entry element SATELLITE NAVIGATION
650 ## - SUBJECT ADDED ENTRY--TOPICAL TERM
Topical term or geographic name entry element OPTICAL METROLOGY
650 ## - SUBJECT ADDED ENTRY--TOPICAL TERM
Topical term or geographic name entry element CAD SOFTWARE
690 ## - LOCAL SUBJECT ADDED ENTRY--TOPICAL TERM (OCLC, RLIN)
Topical term or geographic name as entry element MAPPING AND MEASUREMENT
942 ## - ADDED ENTRY ELEMENTS (KOHA)
Suppress in OPAC 0
Holdings
Withdrawn status Lost status Source of classification or shelving scheme Damaged status Not for loan Home library Current library Shelving location Date acquired Total Checkouts Full call number Barcode Date last seen Copy number Price effective from Koha item type
    Dewey Decimal Classification     London London Journal article 28/04/2004   ABS67751 126037-1001 06/08/2019 1 06/08/2019 Journal article